00637nam a2200217Ia 4500008004100000020001900041100002000060245003300080245004200113260001500155260002000170260000900190300002900199300002700228300001600255650001700271650001300288700000800301999001900309952009100328160803s9999 xx 000 0 und d a978-0064431781 aSendak, Maurice aWhere the wild things are /  cstory and pictures by Maurice Sendak. aNew York : bScholastic Inc. c1991 a[37] unnumbered pages :  bcolor illustrations ;  c24 x 27 cm. aMonsters --  xFiction. a740 c298319d298319 001040aSSISBbSSISBcLEXd2016-08-03l0pSC-245r2016-08-03 00:00:00w2016-08-03yBK